000 00546nam a2200217Ia 4500
003 OSt
005 20220928144557.0
006 a|||||r|||| 00| 0
007 ta
008 220927b |||||||| |||| 00| 0 eng d
024 _a72173
037 _cTextual
040 _aSDCL
_cSDCL
_beng
041 _2eng
_aeng
082 _aYv, L9
100 _aDahrendorf Ralf
245 0 _aLife chances
_b Approaches to social and political theory.
260 _c1979
942 _hYv, L9
_cTEXL
_2CC
999 _c828229
_d828229